20_長野県の市町村(ひらがな対応・五十音順) - Statistics

General Stats
  • This quiz has been taken 68 times
  • The average score is 61 of 77
Answer Stats
種類 市町村名 % Correct
佐久市
100%
諏訪市
100%
長野市
100%
野沢温泉村
100%
飯田市
97%
岡谷市
97%
松本市
97%
上田市
94%
木曽町
94%
木祖村
94%
駒ヶ根市
94%
小諸市
94%
塩尻市
94%
千曲市
94%
安曇野市
92%
飯山市
92%
軽井沢町
92%
下諏訪町
92%
茅野市
92%
南木曽町
92%
白馬村
92%
南箕輪村
89%
箕輪町
89%
阿智村
86%
売木村
86%
大町市
86%
信濃町
86%
天龍村
86%
伊那市
83%
小谷村
83%
栄村
83%
東御市
83%
大桑村
78%
麻績村
78%
北相木村
78%
小海町
78%
中野市
78%
南相木村
78%
青木村
75%
飯綱町
75%
王滝村
75%
川上村
75%
佐久穂町
75%
須坂市
75%
辰野町
75%
原村
75%
松川町
75%
松川村
75%
南牧村
75%
上松町
72%
朝日村
72%
大鹿村
72%
木島平村
72%
根羽村
72%
富士見町
72%
阿南町
69%
飯島町
69%
小川村
69%
小布施町
69%
立科町
69%
筑北村
69%
宮田村
69%
御代田町
69%
山形村
69%
生坂村
67%
池田町
67%
泰阜村
67%
山ノ内町
67%
坂城町
64%
高山村
64%
長和町
64%
平谷村
61%
下條村
58%
中川村
56%
喬木村
53%
豊丘村
53%
高森町
47%
No matching quizzes found
Score Distribution
Percent of People with Each Score
Percentile by Number Answered
Your Score History
You have not taken this quiz